Bayer Leverkusen Players Since 2014 - Statistics

General Stats
  • This quiz has been taken 64 times
  • The average score is 161 of 268
Answer Stats
% Correct
2023/24 (Bundesliga - 1st) Spain LB 27 Álex Grimaldo 51 12
98%
2023/24 (Bundesliga - 1st) Germany AM 20 Florian Wirtz 49 18
98%
2022/23 (Bundesliga - 6th) Germany AM 19 Florian Wirtz 25 4
98%
2021/22 (Bundesliga - 3rd) Germany AM 18 Florian Wirtz 31 10
98%
2020/21 (Bundesliga - 6th) Germany AM 17 Florian Wirtz 38 8
98%
2019/20 (Bundesliga - 5th) Germany AM 16 Florian Wirtz 9 1
98%
2023/24 (Bundesliga - 1st) Switzerland DM 30 Granit Xhaka 50 4
98%
2023/24 (Bundesliga - 1st) Germany CB 27 Jonathan Tah 48 6
98%
2022/23 (Bundesliga - 6th) Germany CB 26 Jonathan Tah 47 1
98%
2021/22 (Bundesliga - 3rd) Germany CB 25 Jonathan Tah 42 2
98%
2020/21 (Bundesliga - 6th) Germany CB 24 Jonathan Tah 35 1
98%
2019/20 (Bundesliga - 5th) Germany CB 23 Jonathan Tah 39
98%
2018/19 (Bundesliga - 4th) Germany CB 22 Jonathan Tah 38 3
98%
2017/18 (Bundesliga - 5th) Germany CB 21 Jonathan Tah 33
98%
2016/17 (Bundesliga - 12th) Germany CB 20 Jonathan Tah 26 1
98%
2015/16 (Bundesliga - 3rd) Germany CB 19 Jonathan Tah 45
98%
2023/24 (Bundesliga - 1st) Czech Republic ST 27 Patrik Schick 33 13
98%
2022/23 (Bundesliga - 6th) Czech Republic ST 26 Patrik Schick 23 4
98%
2021/22 (Bundesliga - 3rd) Czech Republic ST 25 Patrik Schick 31 24
98%
2020/21 (Bundesliga - 6th) Czech Republic ST 24 Patrik Schick 36 13
98%
2023/24 (Bundesliga - 1st) Nigeria ST 22 Victor Boniface 34 21
98%
2023/24 (Bundesliga - 1st) Netherlands RM 22 Jeremie Frimpong 47 14
96%
2022/23 (Bundesliga - 6th) Netherlands RM 21 Jeremie Frimpong 48 9
96%
2021/22 (Bundesliga - 3rd) Netherlands RM 20 Jeremie Frimpong 34 2
96%
2020/21 (Bundesliga - 6th) Netherlands RM 19 Jeremie Frimpong 13
96%
2023/24 (Bundesliga - 1st) Finland GK 33 Lukas Hradecky 35
96%
2022/23 (Bundesliga - 6th) Finland GK 32 Lukas Hradecky 48
96%
2021/22 (Bundesliga - 3rd) Finland GK 31 Lukas Hradecky 41
96%
2020/21 (Bundesliga - 6th) Finland GK 30 Lukas Hradecky 37
96%
2019/20 (Bundesliga - 5th) Finland GK 29 Lukas Hradecky 50
96%
2018/19 (Bundesliga - 4th) Finland GK 28 Lukas Hradecky 40
96%
2023/24 (Bundesliga - 1st) Burkina Faso CB 24 Edmond Tapsoba 46 3
91%
2022/23 (Bundesliga - 6th) Burkina Faso CB 23 Edmond Tapsoba 47 2
91%
2021/22 (Bundesliga - 3rd) Burkina Faso CB 22 Edmond Tapsoba 29 1
91%
2020/21 (Bundesliga - 6th) Burkina Faso CB 21 Edmond Tapsoba 39 2
91%
2019/20 (Bundesliga - 5th) Burkina Faso CB 20 Edmond Tapsoba 22
91%
2022/23 (Bundesliga - 6th) France RW 22 Moussa Diaby 48 14
91%
2021/22 (Bundesliga - 3rd) France RW 21 Moussa Diaby 42 17
91%
2020/21 (Bundesliga - 6th) France RW 20 Moussa Diaby 43 10
91%
2019/20 (Bundesliga - 5th) France RW 19 Moussa Diaby 39 8
91%
2023/24 (Bundesliga - 1st) Ecuador CB 21 Piero Hincapié 43 1
91%
2022/23 (Bundesliga - 6th) Ecuador CB 20 Piero Hincapié 43 1
91%
2021/22 (Bundesliga - 3rd) Ecuador CB 19 Piero Hincapié 33 2
91%
2020/21 (Bundesliga - 6th) Jamaica RW 22 Leon Bailey 40 15
89%
2019/20 (Bundesliga - 5th) Jamaica RW 21 Leon Bailey 33 7
89%
2018/19 (Bundesliga - 4th) Jamaica RW 20 Leon Bailey 39 5
89%
2017/18 (Bundesliga - 5th) Jamaica RW 19 Leon Bailey 34 12
89%
2016/17 (Bundesliga - 12th) Jamaica RW 18 Leon Bailey 10
89%
2023/24 (Bundesliga - 1st) Argentina CM 24 Exequiel Palacios 36 6
84%
2022/23 (Bundesliga - 6th) Argentina CM 23 Exequiel Palacios 34 5
84%
2021/22 (Bundesliga - 3rd) Argentina CM 22 Exequiel Palacios 32 3
84%
2020/21 (Bundesliga - 6th) Argentina CM 21 Exequiel Palacios 13
84%
2019/20 (Bundesliga - 5th) Argentina CM 20 Exequiel Palacios 7
84%
2023/24 (Bundesliga - 1st) Germany AM 30 Jonas Hofmann 46 8
82%
2023/24 (Bundesliga - 1st) Germany DM 28 Robert Andrich 45 6
82%
2022/23 (Bundesliga - 6th) Germany DM 27 Robert Andrich 41 3
82%
2021/22 (Bundesliga - 3rd) Germany DM 26 Robert Andrich 32 7
82%
2023/24 (Bundesliga - 1st) Croatia RB 23 Josip Stanišić 38 4
80%
2019/20 (Bundesliga - 5th) Germany ST 20 Kai Havertz 45 18
78%
2018/19 (Bundesliga - 4th) Germany ST 19 Kai Havertz 42 20
78%
2017/18 (Bundesliga - 5th) Germany ST 18 Kai Havertz 35 4
78%
2016/17 (Bundesliga - 12th) Germany ST 17 Kai Havertz 28 4
78%
2022/23 (Bundesliga - 6th) Chile CM 33 Charles Aránguiz 15 2
76%
2021/22 (Bundesliga - 3rd) Chile CM 32 Charles Aránguiz 32 2
76%
2020/21 (Bundesliga - 6th) Chile CM 31 Charles Aránguiz 25 1
76%
2019/20 (Bundesliga - 5th) Chile CM 30 Charles Aránguiz 39 3
76%
2018/19 (Bundesliga - 4th) Chile CM 29 Charles Aránguiz 29 3
76%
2017/18 (Bundesliga - 5th) Chile CM 28 Charles Aránguiz 31 2
76%
2016/17 (Bundesliga - 12th) Chile CM 27 Charles Aránguiz 36 2
76%
2015/16 (Bundesliga - 3rd) Chile CM 26 Charles Aránguiz 7 2
76%
2023/24 (Bundesliga - 1st) Nigeria RM 23 Nathan Tella 39 6
76%
2023/24 (Bundesliga - 1st) Ivory Coast CB 22 Odilon Kossounou 34 1
76%
2022/23 (Bundesliga - 6th) Ivory Coast CB 21 Odilon Kossounou 35
76%
2021/22 (Bundesliga - 3rd) Ivory Coast CB 20 Odilon Kossounou 33
76%
2022/23 (Bundesliga - 6th) Germany RW 32 Karim Bellarabi 10
73%
2021/22 (Bundesliga - 3rd) Germany RW 31 Karim Bellarabi 22 4
73%
2020/21 (Bundesliga - 6th) Germany RW 30 Karim Bellarabi 29 3
73%
2019/20 (Bundesliga - 5th) Germany RW 29 Karim Bellarabi 39 6
73%
2018/19 (Bundesliga - 4th) Germany RW 28 Karim Bellarabi 24 9
73%
2017/18 (Bundesliga - 5th) Germany RW 27 Karim Bellarabi 29 2
73%
2016/17 (Bundesliga - 12th) Germany RW 26 Karim Bellarabi 19 4
73%
2015/16 (Bundesliga - 3rd) Germany RW 25 Karim Bellarabi 49 12
73%
2014/15 (Bundesliga - 4th) Germany RW 24 Karim Bellarabi 46 13
73%
2023/24 (Bundesliga - 1st) Czech Republic SS 20 Adam Hložek 36 7
71%
2022/23 (Bundesliga - 6th) Czech Republic SS 19 Adam Hložek 44 7
71%
2023/24 (Bundesliga - 1st) Morocco LW 23 Amine Adli 42 10
71%
2022/23 (Bundesliga - 6th) Morocco LW 22 Amine Adli 38 7
71%
2021/22 (Bundesliga - 3rd) Morocco LW 21 Amine Adli 34 4
71%
2017/18 (Bundesliga - 5th) Germany GK 25 Bernd Leno 38
71%
2016/17 (Bundesliga - 12th) Germany GK 24 Bernd Leno 42
71%
2015/16 (Bundesliga - 3rd) Germany GK 23 Bernd Leno 49
71%
2014/15 (Bundesliga - 4th) Germany GK 22 Bernd Leno 48
71%
2023/24 (Bundesliga - 1st) Czech Republic GK 23 Matěj Kovář 17
71%
2023/24 (Bundesliga - 1st) Spain ST 30 Borja Iglesias 10
69%
2022/23 (Bundesliga - 6th) Iran ST 27 Sardar Azmoun 33 4
69%
2021/22 (Bundesliga - 3rd) Iran ST 26 Sardar Azmoun 11 1
69%
2015/16 (Bundesliga - 3rd) South Korea LW 22 Son Heung-min 2
69%
2014/15 (Bundesliga - 4th) South Korea LW 21 Son Heung-min 42 17
69%
2022/23 (Bundesliga - 6th) England LW 21 Callum Hudson-Odoi 21 1
67%
2022/23 (Bundesliga - 6th) Netherlands LB 22 Mitchel Bakker 40 4
67%
2021/22 (Bundesliga - 3rd) Netherlands LB 21 Mitchel Bakker 30 1
67%
2017/18 (Bundesliga - 5th) Germany ST 33 Stefan Kießling 8
67%
2016/17 (Bundesliga - 12th) Germany ST 32 Stefan Kießling 24 4
67%
2015/16 (Bundesliga - 3rd) Germany ST 31 Stefan Kießling 43 8
67%
2014/15 (Bundesliga - 4th) Germany ST 30 Stefan Kießling 48 19
67%
2022/23 (Bundesliga - 6th) Germany CM 28 Kerem Demirbay 36 5
64%
2021/22 (Bundesliga - 3rd) Germany CM 27 Kerem Demirbay 36 3
64%
2020/21 (Bundesliga - 6th) Germany CM 26 Kerem Demirbay 37 5
64%
2019/20 (Bundesliga - 5th) Germany CM 25 Kerem Demirbay 40 2
64%
2019/20 (Bundesliga - 5th) Germany ST 26 Kevin Volland 40 12
64%
2018/19 (Bundesliga - 4th) Germany ST 25 Kevin Volland 42 15
64%
2017/18 (Bundesliga - 5th) Germany ST 24 Kevin Volland 35 14
64%
2016/17 (Bundesliga - 12th) Germany ST 23 Kevin Volland 31 9
64%
2018/19 (Bundesliga - 4th) Germany AM 22 Julian Brandt 43 10
62%
2017/18 (Bundesliga - 5th) Germany AM 21 Julian Brandt 39 12
62%
2016/17 (Bundesliga - 12th) Germany AM 20 Julian Brandt 40 4
62%
2015/16 (Bundesliga - 3rd) Germany AM 19 Julian Brandt 44 10
62%
2014/15 (Bundesliga - 4th) Germany AM 18 Julian Brandt 35 4
62%
2021/22 (Bundesliga - 3rd) Argentina ST 28 Lucas Alario 33 7
62%
2020/21 (Bundesliga - 6th) Argentina ST 27 Lucas Alario 33 15
62%
2019/20 (Bundesliga - 5th) Argentina ST 26 Lucas Alario 36 12
62%
2018/19 (Bundesliga - 4th) Argentina ST 25 Lucas Alario 36 14
62%
2017/18 (Bundesliga - 5th) Argentina ST 24 Lucas Alario 26 10
62%
2016/17 (Bundesliga - 12th) Turkey CB 26 Ömer Toprak 32 1
62%
2015/16 (Bundesliga - 3rd) Turkey CB 25 Ömer Toprak 25 1
62%
2014/15 (Bundesliga - 4th) Turkey CB 24 Ömer Toprak 41 1
62%
2021/22 (Bundesliga - 3rd) Brazil LB 27 Wendell 1
62%
2020/21 (Bundesliga - 6th) Brazil LB 26 Wendell 30
62%
2019/20 (Bundesliga - 5th) Brazil LB 25 Wendell 34
62%
2018/19 (Bundesliga - 4th) Brazil LB 24 Wendell 39 2
62%
2017/18 (Bundesliga - 5th) Brazil LB 23 Wendell 30 3
62%
2016/17 (Bundesliga - 12th) Brazil LB 22 Wendell 38 2
62%
2015/16 (Bundesliga - 3rd) Brazil LB 21 Wendell 44
62%
2014/15 (Bundesliga - 4th) Brazil LB 20 Wendell 34 1
62%
2022/23 (Bundesliga - 6th) Netherlands LB 26 Daley Sinkgraven 12
60%
2021/22 (Bundesliga - 3rd) Netherlands LB 25 Daley Sinkgraven 18
60%
2020/21 (Bundesliga - 6th) Netherlands LB 24 Daley Sinkgraven 27
60%
2019/20 (Bundesliga - 5th) Netherlands LB 23 Daley Sinkgraven 21
60%
2016/17 (Bundesliga - 12th) Turkey CM 22 Hakan Çalhanoğlu 22 7
60%
2015/16 (Bundesliga - 3rd) Turkey CM 21 Hakan Çalhanoğlu 46 8
60%
2014/15 (Bundesliga - 4th) Turkey CM 20 Hakan Çalhanoğlu 47 13
60%
2016/17 (Bundesliga - 12th) Mexico ST 28 Javier Hernández 36 13
60%
2015/16 (Bundesliga - 3rd) Mexico ST 27 Javier Hernández 40 26
60%
2021/22 (Bundesliga - 3rd) Austria DM 33 Julian Baumgartlinger 7
60%
2020/21 (Bundesliga - 6th) Austria DM 32 Julian Baumgartlinger 24 3
60%
2019/20 (Bundesliga - 5th) Austria DM 31 Julian Baumgartlinger 40 2
60%
2018/19 (Bundesliga - 4th) Austria DM 30 Julian Baumgartlinger 27
60%
2017/18 (Bundesliga - 5th) Austria DM 29 Julian Baumgartlinger 24 1
60%
2016/17 (Bundesliga - 12th) Austria DM 28 Julian Baumgartlinger 30
60%
2020/21 (Bundesliga - 6th) Germany DM 31 Lars Bender 20 2
60%
2019/20 (Bundesliga - 5th) Germany DM 30 Lars Bender 28 2
60%
2018/19 (Bundesliga - 4th) Germany DM 29 Lars Bender 27 1
60%
2017/18 (Bundesliga - 5th) Germany DM 28 Lars Bender 24 3
60%
2016/17 (Bundesliga - 12th) Germany DM 27 Lars Bender 12
60%
2015/16 (Bundesliga - 3rd) Germany DM 26 Lars Bender 17 2
60%
2014/15 (Bundesliga - 4th) Germany DM 25 Lars Bender 35 1
60%
2020/21 (Bundesliga - 6th) Germany DM 31 Sven Bender 20
60%
2019/20 (Bundesliga - 5th) Germany DM 30 Sven Bender 47 4
60%
2018/19 (Bundesliga - 4th) Germany DM 29 Sven Bender 32
60%
2017/18 (Bundesliga - 5th) Germany DM 28 Sven Bender 34 2
60%
2020/21 (Bundesliga - 6th) Austria CB 29 Aleksandar Dragović 29 2
58%
2019/20 (Bundesliga - 5th) Austria CB 28 Aleksandar Dragović 25
58%
2018/19 (Bundesliga - 4th) Austria CB 27 Aleksandar Dragović 28 2
58%
2017/18 (Bundesliga - 5th) Austria CB 26 Aleksandar Dragović 1
58%
2016/17 (Bundesliga - 12th) Austria CB 25 Aleksandar Dragović 23
58%
2017/18 (Bundesliga - 5th) Slovenia CM 26 Kevin Kampl 2
58%
2016/17 (Bundesliga - 12th) Slovenia CM 25 Kevin Kampl 39 2
58%
2015/16 (Bundesliga - 3rd) Slovenia CM 24 Kevin Kampl 31 4
58%
2023/24 (Bundesliga - 1st) Germany CM 26 Nadiem Amiri 9
53%
2022/23 (Bundesliga - 6th) Germany CM 25 Nadiem Amiri 36 4
53%
2021/22 (Bundesliga - 3rd) Germany CM 24 Nadiem Amiri 20 2
53%
2020/21 (Bundesliga - 6th) Germany CM 23 Nadiem Amiri 39 5
53%
2019/20 (Bundesliga - 5th) Germany CM 22 Nadiem Amiri 42 1
53%
2022/23 (Bundesliga - 6th) Brazil LW 21 Paulinho 7 1
53%
2021/22 (Bundesliga - 3rd) Brazil LW 20 Paulinho 31 4
53%
2020/21 (Bundesliga - 6th) Brazil LW 19 Paulinho 1
53%
2019/20 (Bundesliga - 5th) Brazil LW 18 Paulinho 19 3
53%
2018/19 (Bundesliga - 4th) Brazil LW 17 Paulinho 21 1
53%
2022/23 (Bundesliga - 6th) Netherlands RB 24 Timothy Fosu-Mensah 15
53%
2021/22 (Bundesliga - 3rd) Netherlands RB 23 Timothy Fosu-Mensah 8
53%
2020/21 (Bundesliga - 6th) Netherlands RB 22 Timothy Fosu-Mensah 7
53%
2022/23 (Bundesliga - 6th) Finland ST 27 Joel Pohjanpalo 2
51%
2021/22 (Bundesliga - 3rd) Finland ST 26 Joel Pohjanpalo 3
51%
2020/21 (Bundesliga - 6th) Finland ST 25 Joel Pohjanpalo 1
51%
2019/20 (Bundesliga - 5th) Finland ST 24 Joel Pohjanpalo 1
51%
2017/18 (Bundesliga - 5th) Finland ST 22 Joel Pohjanpalo 8 2
51%
2016/17 (Bundesliga - 12th) Finland ST 21 Joel Pohjanpalo 13 6
51%
2020/21 (Bundesliga - 6th) Croatia CB 24 Tin Jedvaj 8
51%
2018/19 (Bundesliga - 4th) Croatia CB 22 Tin Jedvaj 21 2
51%
2017/18 (Bundesliga - 5th) Croatia CB 21 Tin Jedvaj 10
51%
2016/17 (Bundesliga - 12th) Croatia CB 20 Tin Jedvaj 23 1
51%
2015/16 (Bundesliga - 3rd) Croatia CB 19 Tin Jedvaj 18
51%
2014/15 (Bundesliga - 4th) Croatia CB 18 Tin Jedvaj 29 2
51%
2023/24 (Bundesliga - 1st) Brazil RB 20 Arthur 5
49%
2014/15 (Bundesliga - 4th) Germany CM 27 Gonzalo Castro 32 2
49%
2021/22 (Bundesliga - 3rd) Greece CB 22 Panagiotis Retsos 8
49%
2019/20 (Bundesliga - 5th) Greece CB 20 Panagiotis Retsos 6
49%
2018/19 (Bundesliga - 4th) Greece CB 19 Panagiotis Retsos 1
49%
2017/18 (Bundesliga - 5th) Greece CB 18 Panagiotis Retsos 28 1
49%
2018/19 (Bundesliga - 4th) Germany RB 21 Benjamin Henrichs 1
47%
2017/18 (Bundesliga - 5th) Germany RB 20 Benjamin Henrichs 28
47%
2016/17 (Bundesliga - 12th) Germany RB 19 Benjamin Henrichs 37
47%
2015/16 (Bundesliga - 3rd) Germany RB 18 Benjamin Henrichs 10
47%
2023/24 (Bundesliga - 1st) Germany GK 29 Niklas Lomb 1
47%
2020/21 (Bundesliga - 6th) Germany GK 26 Niklas Lomb 5
47%
2014/15 (Bundesliga - 4th) Bosnia CB 33 Emir Spahić 36 1
42%
2017/18 (Bundesliga - 5th) Switzerland SS 26 Admir Mehmedi 15 2
40%
2016/17 (Bundesliga - 12th) Switzerland SS 25 Admir Mehmedi 30 4
40%
2015/16 (Bundesliga - 3rd) Switzerland SS 24 Admir Mehmedi 41 7
40%
2015/16 (Bundesliga - 3rd) Greece CB 23 Kyriakos Papadopoulos 31 1
40%
2014/15 (Bundesliga - 4th) Greece CB 22 Kyriakos Papadopoulos 20 4
40%
2022/23 (Bundesliga - 6th) Russia GK 30 Andrey Lunyov 1
38%
2021/22 (Bundesliga - 3rd) Russia GK 29 Andrey Lunyov 2
38%
2020/21 (Bundesliga - 6th) Jamaica LW 24 Demarai Gray 12 1
38%
2023/24 (Bundesliga - 1st) Belgium CM 18 Noah Mbamba 6
38%
2022/23 (Bundesliga - 6th) Belgium CM 17 Noah Mbamba 1
38%
2019/20 (Bundesliga - 5th) Austria GK 35 Ramazan Özcan 1
38%
2018/19 (Bundesliga - 4th) Austria GK 34 Ramazan Özcan 4
38%
2017/18 (Bundesliga - 5th) Austria GK 33 Ramazan Özcan 1
38%
2016/17 (Bundesliga - 12th) Austria GK 32 Ramazan Özcan 2
38%
2015/16 (Bundesliga - 3rd) Germany DM 24 Christoph Kramer 44
36%
2015/16 (Bundesliga - 3rd) Italy RB 25 Giulio Donati 18
36%
2014/15 (Bundesliga - 4th) Italy RB 24 Giulio Donati 16 1
36%
2023/24 (Bundesliga - 1st) Colombia CM 19 Gustavo Puerta 10
36%
2021/22 (Bundesliga - 3rd) Germany RB 27 Mitchell Weiser 1
36%
2020/21 (Bundesliga - 6th) Germany RB 26 Mitchell Weiser 5 1
36%
2019/20 (Bundesliga - 5th) Germany RB 25 Mitchell Weiser 28 1
36%
2018/19 (Bundesliga - 4th) Germany RB 24 Mitchell Weiser 41 2
36%
2014/15 (Bundesliga - 4th) Germany DM 32 Simon Rolfes 33 1
36%
2021/22 (Bundesliga - 3rd) Spain ST 16 Iker Bravo 2
31%
2016/17 (Bundesliga - 12th) Australia LW 27 Robbie Kruse 3
31%
2015/16 (Bundesliga - 3rd) Australia LW 26 Robbie Kruse 15
31%
2014/15 (Bundesliga - 4th) Australia LW 25 Robbie Kruse 7
31%
2015/16 (Bundesliga - 3rd) Poland LB 28 Sebastian Boenisch 8 1
31%
2014/15 (Bundesliga - 4th) Poland LB 27 Sebastian Boenisch 19
31%
2014/15 (Bundesliga - 4th) Switzerland ST 21 Josip Drmić 38 6
29%
2020/21 (Bundesliga - 6th) Colombia RB 28 Santiago Arias 1
29%
2014/15 (Bundesliga - 4th) Germany DM 25 Stefan Reinartz 21 1
29%
2021/22 (Bundesliga - 3rd) Denmark CM 16 Zidan Sertdemir 3
29%
2021/22 (Bundesliga - 3rd) Germany GK 22 Lennart Grill 1
27%
2020/21 (Bundesliga - 6th) Germany GK 21 Lennart Grill 4
27%
2018/19 (Bundesliga - 4th) Germany DM 24 Dominik Kohr 25 2
22%
2017/18 (Bundesliga - 5th) Germany DM 23 Dominik Kohr 32 2
22%
2016/17 (Bundesliga - 12th) Germany RB 31 Roberto Hilbert 9
22%
2015/16 (Bundesliga - 3rd) Germany RB 30 Roberto Hilbert 20
22%
2014/15 (Bundesliga - 4th) Germany RB 29 Roberto Hilbert 30
22%
2016/17 (Bundesliga - 12th) Ukraine AM 22 Vladlen Yurchenko 4 1
22%
2015/16 (Bundesliga - 3rd) Ukraine AM 21 Vladlen Yurchenko 11 2
22%
2014/15 (Bundesliga - 4th) Ukraine AM 20 Vladlen Yurchenko 3
22%
2023/24 (Bundesliga - 1st) Morocco AM 18 Ayman Aourir 1
18%
2017/18 (Bundesliga - 5th) Brazil CB 25 André Ramalho 3
16%
2015/16 (Bundesliga - 3rd) Brazil CB 23 André Ramalho 25
16%
2022/23 (Bundesliga - 6th) Morocco DM 21 Ayman Azhil 1
16%
2018/19 (Bundesliga - 4th) Sweden ST 26 Isaac Kiese Thelin 14 1
16%
2019/20 (Bundesliga - 5th) Poland DM 19 Adrian Stanilewicz 1
11%
2018/19 (Bundesliga - 4th) Poland DM 18 Adrian Stanilewicz 1
11%
2015/16 (Bundesliga - 3rd) Croatia GK 31 Dario Krešić 2
11%
2015/16 (Bundesliga - 3rd) United States GK 33 David Yelldell 1
11%
2020/21 (Bundesliga - 6th) Turkey ST 17 Emrehan Gedikli 4
11%
2023/24 (Bundesliga - 1st) Germany ST 16 Ken Izekor 1
11%
2016/17 (Bundesliga - 12th) Germany RB 22 Danny da Costa 4
9%
2014/15 (Bundesliga - 4th) Germany LW 18 Levin Öztunalı 8
9%
2018/19 (Bundesliga - 4th) Germany GK 31 Thorsten Kirschbaum 1
9%
2020/21 (Bundesliga - 6th) Turkey CM 18 Cem Türkmen 2
7%
2015/16 (Bundesliga - 3rd) Germany DM 19 Marlon Frey 12
7%
2018/19 (Bundesliga - 4th) Germany CM 19 Sam Schreck 2
7%
2018/19 (Bundesliga - 4th) Poland RB 19 Jakub Bednarczyk 1
4%
2020/21 (Bundesliga - 6th) Turkey RW 17 Samed Onur 1
2%
No matching quizzes found
Score Distribution
Percent of People with Each Score
Percentile by Number Answered
Your Score History
You have not taken this quiz